| 000 | 00536nam a22001337a 4500 | ||
|---|---|---|---|
| 008 | 230606b |||||||| |||| 00| 0 eng d | ||
| 040 |
_aNational Science Library _cNational Science Library |
||
| 080 |
_a62.001.1/.2(540-202)(082.2) _bM3 |
||
| 245 |
_aTechnology future _c/ Second convention on futurology and seminar on technology future for rural development in 2000 A D at Hyderabad on 2nd, 3rd and 4th May 1982 |
||
| 260 |
_aHyderabad: _bJ N T University Hyderabad, _c1982 |
||
| 300 | _a129p. | ||
| 650 | _aSeminar | ||
| 942 |
_2udc _cSEM |
||
| 999 |
_c40065 _d40065 |
||